000 00394nam a22001577a 4500
003 OSt
005 20260411160452.0
008 260411b |||||||| |||| 00| 0 eng d
020 _a9789349865464
040 _cTTMT COLLEGE OF PHARMACY GREATER NOIDA
100 _aSINGH RAMANDEEP
245 _aPHARMACOTHERAPEUTICS
260 _aNEW DELHI
_bRUDRANSH
_c2025
300 _a263
942 _2ddc
_c06
999 _c67793
_d67793